00949nam a22002417a 45000010005000000030006000050050017000110080041000280200018000690400029000870500009001160820010001251000019001352450050001542600049002043000047002534900034003005050007003345200285003415210027006265210018006536500036006717378FISKH20250711103212.0250711b cb ||||| |||| 00| 0 eng d a9780721419503 aFISKHbengcFISKHdFISKH aPZ7  a428.6 aGraham, Percy  aLittle red hen /cIllustrated by Percy Graham aUnited Kingdom : bLady Bird Books, c1998.  a27 pages : bcolor illustrations ; c18 cm aRead it yourself : vLevel 1  aG  aSuitable for children ready to attempt reading, this book retells Little Red Hen in a simple way using a number of frequently repeated words. The sentences are closely supported by pictures and the story begins with a detailed scene introducing the main characters and vocabulary.8 a300 bLexile estimate 8 aG bRaz-Plus  aFairy TalesvFoodxPicture Book